<?xml version="1.0" encoding="UTF-8"?>
<collection xmlns="http://www.loc.gov/MARC21/slim">
 <record>
  <leader>00658nam a22002175a 4500</leader>
  <controlfield tag="001">CEM.cems016978</controlfield>
  <controlfield tag="005">20110928094804.0</controlfield>
  <controlfield tag="008">130507s1982##################000#0#####d</controlfield>
  <controlfield tag="003">CEMS</controlfield>
  <datafield tag="082" ind1="0" ind2="4">
   <subfield code="a">A862.4</subfield>
  </datafield>
  <datafield tag="100" ind1="1" ind2=" ">
   <subfield code="a">Guido, Beatriz</subfield>
  </datafield>
  <datafield tag="245" ind1="1" ind2="0">
   <subfield code="a">Soledad y el incendiario /</subfield>
   <subfield code="c">Beatriz Guido</subfield>
  </datafield>
  <datafield tag="260" ind1=" " ind2=" ">
   <subfield code="a">Buenos Aires :</subfield>
   <subfield code="b">Abril,</subfield>
   <subfield code="c">1982</subfield>
  </datafield>
  <datafield tag="300" ind1=" " ind2=" ">
   <subfield code="a">94 p.</subfield>
  </datafield>
  <datafield tag="490" ind1="0" ind2=" ">
   <subfield code="a">Los libros de Claudia</subfield>
  </datafield>
  <datafield tag="505" ind1="0" ind2=" ">
   <subfield code="a">Mi nombre es Marco -- Mi nombre es Soledad -- Simplemente dormida</subfield>
  </datafield>
  <datafield tag="653" ind1=" " ind2=" ">
   <subfield code="a">Literatura</subfield>
  </datafield>
  <datafield tag="653" ind1=" " ind2=" ">
   <subfield code="a">Literatura argentina</subfield>
  </datafield>
  <datafield tag="653" ind1=" " ind2=" ">
   <subfield code="a">Teatro</subfield>
  </datafield>
  <datafield tag="653" ind1=" " ind2=" ">
   <subfield code="a">Teatro argentino</subfield>
  </datafield>
  <datafield tag="859" ind1=" " ind2=" ">
   <subfield code="a">CEMS</subfield>
   <subfield code="b">BIB. CEMS - Agricultura</subfield>
   <subfield code="h">A862.4</subfield>
   <subfield code="i">G942</subfield>
   <subfield code="p">A0192.00</subfield>
   <subfield code="t">Ej.1</subfield>
   <subfield code="v">1</subfield>
   <subfield code="3">Vol. 1</subfield>
  </datafield>
 </record>
</collection>
